Statistics for Tommy Lee Jones Filmography

Click here to take the quiz!

General Stats

  • This quiz has been taken 172 times
    (15 since last reset)
  • The average score is 18 of 100

Answer Stats

TypeYearName% Correct
Film1997Men in Black
82%
Film2002Men in Black II
82%
Film2007No Country for Old Men
82%
Film1993The Fugitive
82%
Film2012Men in Black 3
73%
Film2012Lincoln
55%
Film1995Batman Forever
45%
Film1998U.S. Marshals
45%
Film2007In the Valley of Elah
36%
Film1991JFK
36%
Film1992Under Siege
36%
Film1999Double Jeopardy
27%
Film2023Finestkind
27%
Film2009In the Electric Mist
27%
Film2000Rules of Engagement
27%
Film2000Space Cowboys
27%
Film2023The Burial
27%
Film2019Ad Astra
18%
Film1994Blue Sky
18%
Commercial2006-PresentBoss Coffee
18%
Film2011Captain America: The First Avenger
18%
Film1980Coal Miner's Daughter
18%
Film1994Cobb
18%
Film2016Criminal
18%
TV Film1988Gotham
18%
Film1993Heaven & Earth
18%
Film2012Hope Springs
18%
Film2016Jason Bourne
18%
Film2005Man of the House
18%
Film2016Mechanic: Resurrection
18%
Film | Video Game1998Small Soldiers
18%
Film1994The Client
18%
Film2020The Comeback Trail
18%
Film2013The Family
18%
Film2014The Homesman
18%
Film2003The Missing
18%
Film1989The Package
18%
Film2005The Three Burials of Melquiades Estrada
18%
Film1997Volcano
18%
Documentary Series2021American Masters
9%
Commercial2011-2014Ameriprise Financial
9%
Theater1969A Patriot for Me
9%
Film2006A Prairie Home Companion
9%
TV Film1988April Morning
9%
Music Video2012Back in Time
9%
Film1981Back Roads
9%
TV Show1976Baretta
9%
TV Show1975Barnaby Jones
9%
TV Film1980Barn Burning
9%
Film1986Black Moon Rising
9%
Film1994Blown Away
9%
Theater1972Blue Boys
9%
TV Film1987Broken Vows
9%
TV Film1984Cat on a Hot Tin Roof
9%
Film1975Eliza's Horoscope
9%
Film2012Emperor
9%
Film1978Eyes of Laura Mars
9%
TV Show1976Family
9%
Film1990Fire Birds
9%
Theater1975Fishing
9%
Theater1969Fortune and Men's Eyes
9%
Theater1971Four on a Garden
9%
Film1993House of Cards
9%
Film1976Jackson County Jail
9%
Film2017Just Getting Started
9%
Film1973Life Study
9%
TV Mini-Series1989Lonesome Dove
9%
Film1970Love Story
9%
Film1983Nate and Hayes
9%
Film1994Natural Born Killers
9%
TV Show1971, 1975One Life to Live
9%
Music Video1985Piano Man
9%
Documentary Series2008P.O.V.
9%
TV Special2012Premio Donostia a Tommy Lee Jones
9%
Commercial1994Red Dog Beer
9%
Film1977Rolling Thunder
9%
Commercial2002SBC
9%
TV Show1986Screen Two
9%
Film2017Shock and Awe
9%
Video Game1998Small Soldiers: Squad Commander
9%
TV Film1976Smash-Up on Interstate 5
9%
Film1988Stormy Monday
9%
TV Film1988Stranger on My Land
9%
TV Film1977The Amazing Howard Hughes
9%
Documentary2007The Ballad of Esequiel Hernández
9%
Film1978The Betsy
9%
Film1987The Big Town
9%
Film2010The Company Men
9%
TV Film1982The Executioner's Song
9%
TV Film1995The Good Old Boys
9%
TV Film1985The Park Is Mine
9%
TV Film1982The Rainmaker
9%
Film1984The River Rat
9%
TV Film2011The Sunset Limited
9%
Commercial2022Toyota Tundra
9%
Theater1980-1981True West
9%
Theater1974Ulysses in Nighttown
9%
Film2020Wander
9%
TV Film1986Yuri Nosenko: Double Agent
9%

Score Distribution

Percentile by Number Answered

Percent of People with Each Score

Your Score History

You have not taken this quiz since the last reset